Obnova balkónov a lodžií /

Na minha lista:
Detalhes bibliográficos
Main Authors: Sternová, Zuzana, 1947- (Author), Hlavenka, Pavol (Author), Horečný, Roman, 1953- (Author), Hučko, Juraj (Author)
Formato: Livro
Idioma:eslovaco
Publicado em: Bratislava: Jaga Group, 2017
Edição:1. vyd.
Assuntos:
Tags: Adicionar Tag
Sem tags, seja o primeiro a adicionar uma tag!

MARC

LEADER 00000nam a22000003a 4500
001 0066737
003 SK-STU
005 20180821101351.0
007 ta
008 180821s ----xo-----e------000-0-----d
020 |a 978-80-8076-132-5 
040 |a STU  |b slo 
041 0 |a slo  |h slo 
044 |a xo 
100 1 |a Sternová, Zuzana,  |d 1947-  |4 aut  |X 3771  |7 A000003771 
245 1 0 |a Obnova balkónov a lodžií /  |c aut. Zuzana Sternová, Pavol Hlavenka, Roman Horečný, Juraj Hučko 
250 |a 1. vyd. 
260 |a Bratislava:  |b Jaga Group,  |c 2017 
300 |a 64 s. 
650 0 7 |a balkóny 
650 0 7 |a lodžie zasklené 
650 0 7 |a obnova a údržba 
700 1 |a Hlavenka, Pavol  |r Z5  |4 aut 
700 1 |a Horečný, Roman,  |d 1953-  |4 aut  |X 3062  |7 A000003062 
700 1 |a Hučko, Juraj  |r Z5  |4 aut 
996 |c V* 52795/O-23952  |l VV25  |s P  |a 0  |w 0066737_0001